Responses for Show #7922 - Tuesday, February 5, 2019

Contestants

[<< previous game]

John Fowle, a landscaper from New Orleans, Louisiana

Jade Ryan, a student from Gainesville, Florida

Will Dawson, a tour guide from Washington, D.C. (whose 2-day cash winnings total $55,002)

[next game >>]

Jeopardy! Round responses

TV: WHO PLAYED 'EM?
HISTORY OF THE ENGLISH-SPEAKING PEOPLES
FROM B TO C
THE 10 PLAGUES OF EGYPT
FAR OUT, MAN
GIRL SCOUT COOKIES
    $200 7
Julia Louis-Dreyfus

Jade
    $200 1
frontier

Will
    $200 6
ballistic

Will
    $200 20
blood

Will
    $200 14
Point Nemo

Triple Stumper
    $200 12
s'more

Will
    $400 8
Keri Russell

Will
    $400 2
Australia

John
    $400 27
basic

Jade
    $400 21
(Jade: What are locusts?)
(Will: What are cockroaches?)

lice

WillJade
Triple Stumper
    $400 15
Skull Island

Will
    $400 13
shortbread

John
    $600 9
Jenna Fischer

Will
    $600 3
Ontario

John
    $600 28
boric acid

Jade
    $600 22
(Will: What are frogs?)

hail

Will
Triple Stumper
    $600 17
No Man's Sky

John
    $600 16
Do-si-dos

John
    $800 10
(Will: Who is Bates?)

Katey Sagal

Will
Triple Stumper
    $1,000 4
Rastafarianism

John
    $800 29
bucolic

John
    $800 25
locusts

Will
    $800 18
Voyager

John
    $800 23
Thin Mints

Will
    $1000 11
Krysten Ritter

Will
    $1000 5
(William) Pitt (the Younger)

John
    $1000 30
Balzac

Jade
    $1000 26
death of the firstborn

John
    $1000 19
Evangeline

Triple Stumper
    $1000 24
(Alex: Less than a minute to go now.)

Juliette Gordon Low

Triple Stumper

Scores at the first commercial break (after clue 15):

Will Jade John
$2,200 $200 $3,400

Scores at the end of the Jeopardy! Round:

Will Jade John
$3,000 $1,800 $7,200

Double Jeopardy! Round responses

SCIENCE FICTION
SUCCESSION
CLASSIC MOVIES IN 3 SENTENCES
THE L.A. PHILHARMONIC AT 100
EXPRESS YOURSELF
SUNNY "D"
    $400 5
zombies

Will
    $400 14
poet laureate

Jade
    $400 1
Wizard of Oz

Will
    $400 9
Mozart

Will
    $400 21
(Will: What is gnash?)

snarl

WillJade
    $400 26
Dallas

Will
    $800 20
sirens

John
    $800 15
(Tim) Cook

Will
    $800 2
Citizen Kane

John
    $1,000 10
the Hollywood Bowl

Will
    $800 22
verbalize

Jade
    $800 27
Daytona Beach

Jade
    $1,000 19
Frank Herbert

Will
    $1200 16
(Jade: Who is Scalia?)

(Brett) Kavanaugh

WillJade
    $1200 6
North by Northwest

Will
    $1200 11
(Jade: What is USC?)

UCLA

WillJade
    $1200 23
to lie

Jade
    $1200 28
Dubai

John
    $1600 4
Pern

Triple Stumper
    $1600 17
the Tribune

Jade
    $1600 7
Rebel Without a Cause

Will
    $1600 12
(Henry) Mancini

Will
    $1600 24
prompt

John
    $1600 29
Devil's Island

Will
    $2000 3
Kindred

Triple Stumper
    $2000 18
Henry VII

Will
    $2000 8
High Noon

Will
    $2000 13
Bakersfield

Will
    $2000 25
(Will: What is scorn?)

mock

WillJohn
    $2000 30
Djibouti

Will

Scores at the end of the Double Jeopardy! Round:

Will Jade John
$21,400 $4,600 $13,600

[wagering suggestions for these scores]

Final Jeopardy! Round responses

THE 19th CENTURY
JadeWhat is gunfight at OK Corral?
$4,599
JohnWhat is the Ideterod?
$12,600
WillWhat is the transcontinental railroad
$5,801
the Pony Express

Final scores:

Will Jade John
$15,599 $1 $1,000
3-day champion: $70,601 3rd place: $1,000 2nd place: $2,000

Game dynamics:

Coryat scores:

Will Jade John
$21,400 $4,600 $13,400
27 R
(including 2 DDs),
5 W
10 R,
3 W
15 R
(including 1 DD),
0 W

Combined Coryat: $39,400

[game clues] [game scores] [suggest correction]

Game tape date: 2018-12-05
The J! Archive is created by fans, for fans. Scraping, republication, monetization, and malicious use prohibited; this site may use cookies and collect identifying information. See terms. The Jeopardy! game show and all elements thereof, including but not limited to copyright and trademark thereto, are the property of Jeopardy Productions, Inc. and are protected under law. This website is not affiliated with, sponsored by, or operated by Jeopardy Productions, Inc. Join the discussion at JBoard.tv.